Cliquez sur la bonne traduction en italien - Les couleurs - Statistiques

Statistiques générales
  • Ce quiz a été pris 590 fois
  • Le résultat moyen est 10 sur 11
Statistiques - réponses
Hint Réponse % Correct
Marron Marrone
99%
Violet Viola
97%
Noir Nero
95%
Vert Verde
94%
Rouge Rosso
92%
Blanc Bianco
91%
Rose Rosa
89%
Bleu Blu
87%
Gris Grigio
86%
Orange Arancione
85%
Jaune Giallo
84%
Aucun quiz correspondant
Distribution des résultats
% des personnes avec chaque résultat
Percentile par nombre de réponses
Votre historique - résultats
Vous n’avez pas pris ce quiz